|
|
|
|
| LEADER |
00586cam a2200193ua 4500 |
| 008 |
071018t2000||||||||||| 00 ||hin c |
| 041 |
0 |
|
|a hin
|
| 082 |
|
|
|a H891.431
|b SAR/G
|
| 100 |
0 |
|
|a Sarveshwar Dayal, saxena
|
| 245 |
1 |
0 |
|a Garam Hawayen /
|
| 260 |
|
|
|a New Delhi:
|b Vani prakasan,
|c 2000.
|
| 300 |
|
|
|a 79p..
|
| 362 |
1 |
|
|a 2000.
|
| 365 |
|
|
|a Rs.80/.
|e hb
|
| 650 |
|
|
|a Poems- Hindi
|
| 650 |
0 |
|
|a Hindi literature
|
| 942 |
|
|
|c BK
|
| 999 |
|
|
|c 16666
|d 16666
|
| 952 |
|
|
|0 0
|1 0
|4 0
|6 H_891_431000000000000_SAR
|7 0
|9 17385
|a KUCL
|b KUCL
|d 2014-05-23
|l 1
|o H891.431 SAR/
|p 08679
|r 2016-02-04
|s 2016-02-03
|w 2014-05-23
|y BK
|